Aplikácia "služobnej pragmatiky" (Z.Č. 15/1914 Ř.Z. ) na Slovensku

Teoretické vymedzenie pojmu štátny úradník. Postavenie štátneho úradníka. Miesto štátneho zamestnanca v rámci celkovej štruktúry štátneho aparátu.

Salvato in:
Dettagli Bibliografici
Autore principale: Gecelovský, Vladimír
Natura: Capitolo di libro
Lingua:slovacco
Soggetti:
Tags: Aggiungi Tag
Nessun Tag, puoi essere il primo ad aggiungerne!!

MARC

LEADER 00000naa a2200000 4500
001 0182628
005 20230908075847.9
041 0 |a slo 
044 |a CZ 
245 1 0 |a Aplikácia "služobnej pragmatiky" (Z.Č. 15/1914 Ř.Z. ) na Slovensku  |c Vladimír Gecelovský 
520 |a Teoretické vymedzenie pojmu štátny úradník. Postavenie štátneho úradníka. Miesto štátneho zamestnanca v rámci celkovej štruktúry štátneho aparátu. 
610 2 0 |a Slovensko 
610 2 0 |a legislatíva 
610 2 0 |a zamestnanci štátni 
610 2 0 |a služba štátna 
610 2 0 |a správa štátna 
100 1 |a Gecelovský, Vladimír